000 00570nam a22001817a 4500
005 20251108172502.0
008 250721s1992 xx 000 0 ara d
082 1 4 _a341.73/بكر
100 1 _aابراهيم، ابراهيم بكر
245 1 0 _aمؤتمر السلام والمفاوضات المباشرة مع اسرائيل /
264 1 _aعمان :
_c1992.
300 _a473 ص.
650 1 7 _aالسلام
650 1 7 _aالنزاع العربي الإسرائيلي
650 1 7 _aالقضية الفلسطينية
942 _2ddc
_cBK
999 _c80556
_d80556